Outlines of dairy technology / (Record no. 9632)
[ view plain ]
| 000 -LEADER | |
|---|---|
| fixed length control field | 00524cam a2200217ua 4500 |
| 041 ## - LANGUAGE CODE | |
| Language code of text/sound track or separate title | eng |
| 082 ## - DEWEY DECIMAL CLASSIFICATION NUMBER | |
| Classification number | 637.14 |
| Item number | SUK/OU |
| 100 ## - MAIN ENTRY--AUTHOR NAME | |
| Personal name | Sukumar, De . |
| 245 ## - TITLE STATEMENT | |
| Title | Outlines of dairy technology / |
| 250 ## - EDITION STATEMENT | |
| Edition statement | 1 / |
| 260 ## - PUBLICATION, DISTRIBUTION, ETC. (IMPRINT) | |
| Place of publication | Bombay : |
| Name of publisher | Oxford University Press , |
| Year of publication | 1992. |
| 300 ## - PHYSICAL DESCRIPTION | |
| Number of Pages | 539 ; . |
| 942 ## - ADDED ENTRY ELEMENTS (KOHA) | |
| Koha item type | Books |
| Withdrawn status | Lost status | Damaged status | Home library | Current library | Date acquired | Full call number | Accession Number | Koha item type | Shelving location |
|---|---|---|---|---|---|---|---|---|---|
| KAUAET | KAUAET | 07/04/2012 | 637.14 SUK/OU | 18280 | Books | ||||
| KAUAET | KAUAET | 07/04/2012 | 637.14 SUK/OU | 18282 | Books | ||||
| KAUAET | KAUAET | 07/04/2012 | 637.14 SUK/OU | 18278 | Books | ||||
| KAUAET | KAUAET | 07/04/2012 | 637.14 SUK/OU | 18470 | Books | Binding Shelf |
